EFL League One clubs 22/23 - Statistics

General Stats
  • This quiz has been taken 41 times
  • The average score is 18 of 24
Answer Stats
Clubs % Correct
Barnsley
89%
Bolton Wanderers
89%
Plymouth Argyle
89%
Accrington Stanley
83%
Portsmouth
83%
Sheffield Wednesday
83%
Bristol Rovers
78%
Burton Albion
78%
Cambridge United
78%
Ipswich Town
78%
Peterborough United
78%
Derby County
72%
Fleetwood Town
72%
Oxford United
72%
Shrewsbury Town
72%
Charlton Athletic
67%
Cheltenham Town
67%
Exeter City
67%
Forest Green Rovers
67%
Morecambe
67%
Lincoln City
61%
Wycombe Wanderers
61%
Milton Keynes Dons
56%
Port Vale
50%
No matching quizzes found
Score Distribution
Percent of People with Each Score
Percentile by Number Answered
Your Score History
You have not taken this quiz